000 00509nam a2200181Ia 4500
003 GCL
008 140319s9999 xx 000 0 eng d
040 _aGCL /
_cGCL
082 0 4 _a843
_bD E
100 1 _aDE CHARDIN, PIERRE TEILHARD
245 1 0 _aECRITS DU TEMPS DE LA GUERRE (1916 - 1919) /
_cDE CHARDIN, PIERRE TEILHARD
260 _a[S.N] :
_bBERNARD GRASSET ،
_c1992
300 _a446 P
490 _aLES CAHIERS ROUGES
_v0
650 0 4 _aLITERATURE
650 0 4 _aFRENCH LITERATURE
942 _2ddc
_cBK
999 _c21575
_d21575